000 00309nam a22001097a 4500
008 150904b xxu||||| |||| 00| 0 eng d
020 _a0669020877
082 _a551.48 MAT
100 _aMATHER,JOHN R.
245 _aTHE CLIMATIC WATER BUDGET IN ENVIRONMENTAL ANALYSIS
260 _aTORONTO;
_bLEXINGTON BOOKS,
_c1978.
999 _c2175
_d2175